Пропуск в контексте

Инновационные и молекулярно-генетические исследования живых систем

В сборнике представлены результаты исследований по широкому кругу актуальных вопросов общей и медицинской генетики, нейрогенети- ки, популяционной генетики, биотехнологии и генетической инженерии. Рассчитан на научных работников биологического профиля, аспиран- тов и студентов соответствующих специа...

Fuld beskrivelse

Сохранить в:
Bibliografiske detaljer
Hovedforfatter: Горбунова В. Ю.
Format: Книга
Sprog:Russian
Udgivet: Уфа БГПУ имени М. Акмуллы 2009
Online adgang:http://e.lanbook.com/books/element.php?pl1_id=43390
https://e.lanbook.com/img/cover/book/43390.jpg
Tags: Tilføj Tag
Ingen Tags, Vær først til at tagge denne postø!
LEADER 01609nam0a2200265 i 4500
001 43390
003 RuSpLAN
005 20221220173921.0
008 221220s2009 ru gs 000 0 rus
020 |a 978-5-87978-583-8 
040 |a RuSpLAN 
041 0 |a rus 
044 |a ru 
080 |a 575 
084 |a 28.04  |2 rubbk 
245 0 0 |a Инновационные и молекулярно-генетические исследования живых систем  |c Горбунова В. Ю. 
260 |a Уфа  |b БГПУ имени М. Акмуллы  |c 2009 
300 |a 224 с. 
504 |a Библиогр.: доступна в карточке книги, на сайте ЭБС Лань 
520 8 |a В сборнике представлены результаты исследований по широкому кругу актуальных вопросов общей и медицинской генетики, нейрогенети- ки, популяционной генетики, биотехнологии и генетической инженерии. Рассчитан на научных работников биологического профиля, аспиран- тов и студентов соответствующих специальностей. 
521 8 |a Книга из коллекции БГПУ имени М. Акмуллы - Медицина 
100 1 |a Горбунова В. Ю. 
856 4 |u http://e.lanbook.com/books/element.php?pl1_id=43390 
856 4 8 |u https://e.lanbook.com/img/cover/book/43390.jpg 
953 |a https://e.lanbook.com/img/cover/book/43390.jpg